Os destinos do bom soldado Svejk durante a guerra mundial (Registo nº 64887)

Detalhes MARC
000 -Etiqueta do registo
campo de controlo de comprimento fixo 01169nam a2200325 4500
001 - Identificador do registo
Campo de controlo 64887
010 ## - ISBN
Número (ISBN) 978-989-671-355-3
100 ## - Dados Gerais de Proc.
Dados gerais de processamento 20220105d2021 m||a0pory50030103ba
101 1# - Língua da publicação
Língua do texto, banda sonora, etc. Português
Língua do documento no original Czech
102 ## - País de Publicação
País de publicação Portugal
200 1# - Título
Título próprio Os destinos do bom soldado Svejk durante a guerra mundial
Primeira menção de responsabilidade Jaroslav Hasek
Outras menções de responsabilidade trad. e notas Lumir Nahodil
205 ## - Menção da edição
Menção da edição 2. ed
210 ## - Publicação, Distribuição
Lugar da edição, distribuição, etc. Lisboa
Nome do editor, distribuidor, etc. Tinta-Da-China
Data da publicação, distribuição, etc. 2021
215 ## - Descrição física
Descrição física 879, [1] p.
Outras indicações físicas il., des
304 ## - Título e responsabilidade
Texto da nota Tít. orig. : Osudy dobrého vojáka Svejka za svestové války
675 ## - CDU
Notação 821.162.3-31"19"
Edição BN
Língua da edição Português
700 ## - Responsabilidade principal
Koha Internal Code 23977
Palavra de ordem Hasek
Outra parte do nome Jaroslav
Datas 1883-1923
702 ## - Responsabilidade secundária
Palavra de ordem Nahodil
Outra parte do nome Lumir
Código de função Tradutor
Koha Internal Code 33374
801 #0 - Fonte de origem
País Portugal
Agência BN
Regras de catalogação RPC
090 ## - Números de controlo do sistema (Koha)
Número biblioitem do Koha (gerado automaticamente) 64887
942 ## - Elementos de entrada adicionados (Koha)
Tipo de item no Koha Monografias
Suprimido Disponível no OPAC
Exemplares
Removido (estado) Perdido (estado) Data de aquisição Origem do registo (biblioteca) (codificado) Código da organização que empresta ou é detentora (biblioteca) Código de barras Local Número de inventário Cota Tipo de circulação (não pode ser emprestado) Tipo de item e material
Disponível Disponível 2022-01-05 Biblioteca Municipal Álvaro de Campos Biblioteca Municipal Álvaro de Campos BMTAV61209 Sala de Adultos 61209 R7 HAS Normal Monografias